[Event "Guernsey Holiday op 33rd"]
[Site "Guernsey"]
[Date "2007.10.26"]
[Round "6"]
[White "Kok, Franciscus"]
[Black "Paardekam, Rene"]
[Result "1/2-1/2"]
[WhiteElo "1609"]
[BlackElo "1754"]
[PlyCount "58"]
[EventDate "2007.10.21"]
[EventType "swiss"]
[EventRounds "7"]
[EventCountry "GCI"]
[SourceTitle "EXT 2022"]
[Source "ChessBase"]
[SourceDate "2021.10.06"]
[SourceVersion "1"]
[SourceVersionDate "2021.10.06"]
[SourceQuality "1"]

1. d4 e6 2. c4 b6 3. e3 Bb7 4. Nf3 Nf6 5. Be2 Be7 6. 0-0 0-0 7. h3 d5 8. Nfd2 dxc4 9. Nxc4 c5 10. dxc5 Bxc5 11. Qxd8 Rxd8 12. Rd1 Na6 13. Rxd8+ Rxd8 14. a3 Nc7 15. Ncd2 Ncd5 16. b4 Be7 17. Bb2 Rc8 18. Bd3 h6 19. Nf3 Rd8 20. Bc2 Ba6 21. Nbd2 Rc8 22. Bb3 Nc3 23. Nd4 Kf8 24. Rc1 Ncd5 25. Rxc8+ Bxc8 26. Nc6 Bd6 27. Nc4 Bd7 28. Nxd6 Bxc6 29. e4 Nf4 1/2-1/2

[Event "Guernsey Holiday op 33rd"]
[Site "Guernsey"]
[Date "2007.10.25"]
[Round "5"]
[White "Brooker, Chris H"]
[Black "Kok, Franciscus"]
[Result "0-1"]
[WhiteElo "1670"]
[BlackElo "1609"]
[PlyCount "48"]
[EventDate "2007.10.21"]
[EventType "swiss"]
[EventRounds "7"]
[EventCountry "GCI"]
[SourceTitle "EXT 2022"]
[Source "ChessBase"]
[SourceDate "2021.10.06"]
[SourceVersion "1"]
[SourceVersionDate "2021.10.06"]
[SourceQuality "1"]

1. f4 c5 2. b3 e6 3. e3 Be7 4. Nf3 d5 5. Bb2 Bf6 6. c3 a6 7. Bd3 Ne7 8. 0-0 0-0 9. Bc2 Nbc6 10. d4 cxd4 11. cxd4 b5 12. Nbd2 Bb7 13. Rc1 Qb6 14. Ne5 Nxe5 15. fxe5 Bg5 16. Rf3 f6 17. exf6 Rxf6 18. Qe2 Raf8 19. Ba3 b4 20. Bb2 Bc6 21. Rxf6 Rxf6 22. Nf3 Bh6 23. Ne5 Bb5 24. Bd3 Bxd3 0-1